| 000 | 00592nam a2200181 i 4500 | ||
|---|---|---|---|
| 001 | 81130 | ||
| 003 | ES-MaACL | ||
| 005 | 20230906174356.0 | ||
| 007 | t| | ||
| 008 | 041103q1902 sp ||||1| spa d | ||
| 100 | 1 |
_aHoyos Sáinz, Luis de, _d1868-1951 _964437 |
|
| 245 | 1 | 3 |
_aLa dolomitización en el Valle de Campoó (Santander) / _cpor Luis de Hoyos Sáinz. |
| 260 |
_a[Madrid : _bs.n., _c1902?] |
||
| 300 |
_a3 h. ; _c26 cm. |
||
| 500 | _aEs separata de: Bol. de la R. Soc. Esp. de Hª Natural. Pág. 183-188. | ||
| 852 |
_aES-MaACL _j1840-F-17 _bR.19072 |
||
| 999 |
_c81130 _d81130 |
||